<?xml version="1.0" encoding="UTF-8"?>
<collection xmlns="http://www.loc.gov/MARC21/slim">
  <record>
    <leader>00000nam  2200000   4500</leader>
    <controlfield tag="001">INLIS000000000001691</controlfield>
    <controlfield tag="005">20230803093321</controlfield>
    <datafield tag="035" ind1="#" ind2="#">
      <subfield code="a">0010-0823000139</subfield>
    </datafield>
    <controlfield tag="007">ta</controlfield>
    <controlfield tag="008">230803################g##########0#eng##</controlfield>
    <datafield tag="020" ind1="#" ind2="#">
      <subfield code="a">030-904-941-5</subfield>
    </datafield>
    <datafield tag="082" ind1="#" ind2="#">
      <subfield code="a">614.09-648</subfield>
    </datafield>
    <datafield tag="084" ind1="#" ind2="#">
      <subfield code="a">614.09-648 EWB e</subfield>
    </datafield>
    <datafield tag="100" ind1=" " ind2="#">
      <subfield code="a">Ewbank Douglas C.</subfield>
    </datafield>
    <datafield tag="245" ind1="1" ind2="#">
      <subfield code="a">Effect Of Health Programs On Child Morality In Sub-Saharan Africa /</subfield>
      <subfield code="c">Ewbank Douglas C.</subfield>
    </datafield>
    <datafield tag="260" ind1="#" ind2="#">
      <subfield code="a">Wasshington D.C :</subfield>
      <subfield code="b">National Academy Press,</subfield>
      <subfield code="c">1993</subfield>
    </datafield>
    <datafield tag="300" ind1="#" ind2="#">
      <subfield code="a">166 :</subfield>
      <subfield code="b">ilus ;</subfield>
      <subfield code="c">22,8cm</subfield>
    </datafield>
    <datafield tag="650" ind1="#" ind2="4">
      <subfield code="a">KESEHATAN</subfield>
    </datafield>
    <datafield tag="700" ind1=" " ind2="#">
      <subfield code="a">Gribble James N.</subfield>
    </datafield>
    <datafield tag="520" ind1="#" ind2="#">
      <subfield code="a">healthy impacted to the morality of people</subfield>
    </datafield>
  </record>
</collection>
